| 000 | 06065 a2200673 4500 | ||
|---|---|---|---|
| 003 | Nust | ||
| 005 | 20170207165829.0 | ||
| 020 | _a9780470526712 | ||
| 020 | _a9780470526712 (electronic bk.) | ||
| 035 | _a(AU-PeEL)EBL448869 | ||
| 035 | _a(EBZ)ebs944524e | ||
| 035 | _a(EBZ)ebs944524e | ||
| 035 | _a(EBZ)ebs944524e | ||
| 035 | _a(EBZ)ebs944524e | ||
| 035 | _a(WaSeSS)ssj0000274360 | ||
| 035 | _a(WaSeSS)ssj0000274360 | ||
| 035 | _a(WaSeSS)ssj0000274360 | ||
| 035 | _a(WaSeSS)ssj0000274360 | ||
| 035 | _a(WaSeSS)ssj0000274360 | ||
| 035 | _a(WaSeSS)ssj0000274360 | ||
| 035 | _a(WaSeSS)ssj0000274360 | ||
| 035 | _aEBL448869 | ||
| 040 | _cNust | ||
| 082 | 0 | 0 | _a371.3344678 |
| 100 | 1 | _aBonk, Curtis Jay | |
| 245 | 1 | 4 |
_aThe world is open (E-Book) _h[Elektronisk resurs] : _bhow Web technology is revolutionizing education / _cCurtis J. Bonk |
| 260 |
_aSan Francisco, CA : _bJossey-Bass, _ccop. 2009 |
||
| 300 | _a483 p. | ||
| 505 | 0 | _aChapter 7: Making a Contribution: Opener #6: Learner Participation in Open Information CommunitiesChapter 8: Collaborate or Die!: Opener #7: Electronic Collaboration and Interaction; Chapter 9: Who Are You?: Opener #8: Alternative Reality Learning; Chapter 10: U-Learning?: Opener #9: Real-Time Mobility and Portability; Chapter 11: Learning at Your Service: Opener #10: Networks of Personalized Learning; Chapter 12: The Tre | |
| 505 | 0 | _aThe World Is Open: How Web Technology Is Revolutionizing Education; Contents; Introduction to the Open Learning World; Chapter 1: We All Learn; Chapter 2: To Search and to Scan: Opener #1: Web Searching in the World of E-Books; Chapter 3: E-Demand Around the Globe: Opener #2: E-Learning and Blended Learning; Chapter 4: It's a Free Software World After All: Opener #3: Availability of Open Source and Free Software; Chapter 5: MIT in Every Home: Opener #4: Leveraged Resources and OpenCourseWare; Chapter 6: Portals for the People: Opener #5: Learning Object Repositories and Portals | |
| 520 | _aPraise for The World Is Open. "In this epic effort, Dr. Bonk takes the technologies, the concepts, the future and even the past of distance education and synthesizes it into a comprehensible landscape. He gives us a window from which we can see it all. Masterful!" -Glenn R. Jones, chancellor, Jones International University. "Network technology has proven to be a great social leveler and on-ramp to learning for all of the world's citizens. As technology continues to mature | ||
| 538 | _aMode of access: World Wide Web. | ||
| 650 | 7 | _aEducational technology | |
| 650 | 7 | _aInternet in education | |
| 650 | 7 | _aInternet in education. | |
| 650 | 7 | _aUtbildning via Internet | |
| 650 | 7 | _aUtbildningsteknologi | |
| 655 | 7 | _aElectronic books. | |
| 710 | 2 | _aEbooks Corporation. | |
| 856 | 4 | 0 | _uhttp://costello.pub.hb.se/login?url=http://site.ebrary.com/lib/boras/Top?id=10315636 |
| 856 | 4 | 0 | _uhttp://db.ub.oru.se/login?url=http://site.ebrary.com/lib/universitetsbiblioteket/Top?id=10315636 |
| 856 | 4 | 0 | _uhttp://ezproxy.bib.hh.se/login?url=http://site.ebrary.com/lib/halmstad/Top?id=10315636 |
| 856 | 4 | 0 | _uhttp://ezproxy.its.uu.se/login?url=http://site.ebrary.com/lib/uppsala/Top?id=10315636 |
| 856 | 4 | 0 | _uhttp://ezproxy.ub.gu.se/login?url=http://www.GU.eblib.com/EBLWeb/patron?target=patron&extendedid=P_448869_0& |
| 856 | 4 | 0 | _uhttp://link.sub.su.se/sfxsub?url_ver=Z39.88-2004&ctx_ver=Z39.88-2004&ctx_enc=info:ofi/enc:UTF-8&rfr_id=info:sid/sfxit.com:opac_856&url_ctx_fmt=info:ofi/fmt:kev:mtx:ctx&sfx.ignore_date_threshold=1&rft.object_id=1000000000773837&svc_val_fmt=info:ofi/fmt:kev:mtx:sch_svc& |
| 856 | 4 | 0 | _uhttp://miman.bib.bth.se/login?url=http://site.ebrary.com/lib/bthbib/Top?id=10315636 |
| 856 | 4 | 0 | _uhttp://proxy.lib.chalmers.se/login?url=http://site.ebrary.com/lib/chalmers/Top?id=10315636 |
| 856 | 4 | 0 | _uhttp://proxy.lib.ltu.se/login?url=http://site.ebrary.com/lib/lulea/Top?channelName=lulea&cpage=1&docID=10315636 |
| 856 | 4 | 0 | _uhttp://proxy.lib.ltu.se/login?url=http://www.dawsonera.com/depp/reader/protected/external/AbstractView/S9780470526712 |
| 856 | 4 | 0 | _uhttp://sfxeu10.hosted.exlibrisgroup.com/sfxkth?url_ver=Z39.88-2004&ctx_ver=Z39.88-2004&ctx_enc=info:ofi/enc:UTF-8&rfr_id=info:sid/sfxit.com:opac_856&url_ctx_fmt=info:ofi/fmt:kev:mtx:ctx&sfx.ignore_date_threshold=1&rft.object_id=1000000000773837&svc_val_fmt=info:ofi/fmt:kev:mtx:sch_svc& |
| 856 | 4 | 0 | _uhttp://sfxeu11.hosted.exlibrisgroup.com/mah?url_ver=Z39.88-2004&ctx_ver=Z39.88-2004&ctx_enc=info:ofi/enc:UTF-8&rfr_id=info:sid/sfxit.com:opac_856&url_ctx_fmt=info:ofi/fmt:kev:mtx:ctx&sfx.ignore_date_threshold=1&rft.object_id=1000000000773837&svc_val_fmt=info:ofi/fmt:kev:mtx:sch_svc& |
| 856 | 4 | 0 | _uhttp://sfxeu11.hosted.exlibrisgroup.com/sfxkib?url_ver=Z39.88-2004&ctx_ver=Z39.88-2004&ctx_enc=info:ofi/enc:UTF-8&rfr_id=info:sid/sfxit.com:opac_856&url_ctx_fmt=info:ofi/fmt:kev:mtx:ctx&sfx.ignore_date_threshold=1&rft.object_id=1000000000773837&svc_val_fmt=info:ofi/fmt:kev:mtx:sch_svc& |
| 856 | 4 | 0 | _uhttp://sfxeu11.hosted.exlibrisgroup.com/sfxslub?url_ver=Z39.88-2004&ctx_ver=Z39.88-2004&ctx_enc=info:ofi/enc:UTF-8&rfr_id=info:sid/sfxit.com:opac_856&url_ctx_fmt=info:ofi/fmt:kev:mtx:ctx&sfx.ignore_date_threshold=1&rft.object_id=1000000000773837&svc_val_fmt=info:ofi/fmt:kev:mtx:sch_svc& |
| 856 | 4 | 0 | _uhttp://sfxeu11.hosted.exlibrisgroup.com/sfxumub?url_ver=Z39.88-2004&ctx_ver=Z39.88-2004&ctx_enc=info:ofi/enc:UTF-8&rfr_id=info:sid/sfxit.com:opac_856&url_ctx_fmt=info:ofi/fmt:kev:mtx:ctx&sfx.ignore_date_threshold=1&rft.object_id=1000000000773837&svc_val_fmt=info:ofi/fmt:kev:mtx:sch_svc& |
| 856 | 4 | 0 | _uhttp://site.ebrary.com/lib/prvbib/Top?channelName=prvbib&cpage=1&docID=10315636 |
| 856 | 4 | 0 | _uhttp://www.du.se/proxy.aspx?url=http://site.ebrary.com/lib/dalarna/Top?id=10315636 |
| 856 | 4 | 0 | _uhttps://login.bibproxy.kau.se:8443/login?url=http://site.ebrary.com/lib/kaubib/Top?channelName=kaubib&cpage=1&docID=10315636 |
| 856 | 4 | 0 | _uhttps://login.e.bibl.liu.se/login?url=http://site.ebrary.com/lib/linkoping/Top?channelName=linkoping&cpage=1&docID=10315636 |
| 942 |
_2ddc _cBK |
||
| 999 |
_c213223 _d213223 |
||